00543nam a2200193 a 4500001001300000003000900013005001700022008004100039020002500080082001600105100002000121245005300141260004700194300000900241500003500250505001700285650002700302700002000329nice12345678IN_TiNIC20260116013133.0050524s1989 newa grp 000 0 eng  a0815635 c661.500a955.05bMAR aMartin, Vanessa aIslam and Modernismb Iranian Revolution of 1906 aNew YorkbSyracuse University Press c1989 a245p aincludes index and biblioraphy2 aBibliography aIran-History-1905-19111 aMartin, Vanessa